Trolls Character Quiz - Statistics

General Stats
  • This quiz has been taken 95 times
  • The average score is 21 of 38
Answer Stats
Picture Answer % Correct
Branch
100%
Poppy
100%
Prince D
92%
Guy Diamond
79%
Biggie
75%
Cloud Guy
75%
Tiny Diamond
72%
Bridget
70%
Cooper
69%
King Peppy
69%
Mr. Dinkles
67%
Viva
66%
Creek
64%
Queen Barb
64%
Smidge
64%
Chef
62%
Velvet
62%
Clay
57%
Floyd
57%
John Dory
57%
Veneer
56%
Satin and Chenille
54%
Spruce
52%
DJ Suki
51%
Gristle
51%
Hickory
49%
King Trollex
49%
Crimp
48%
Legsly
46%
Fuzzbert
41%
Delta Dawn
39%
Chaz
33%
Trollzart
31%
Queen Essence
26%
King Quincy
25%
Kpop Gang
23%
King Thrash
20%
Reggaeton Trolls
20%
No matching quizzes found
Score Distribution
Percent of People with Each Score
Percentile by Number Answered
Your Score History
You have not taken this quiz